Hoá học các nguyên tố

Guardat en:
Dades bibliogràfiques
Autor principal: Hoàng, Nhâm
Format: Llibre
Idioma:Undetermined
Publicat: Hà Nội Đại học Quốc gia Hà Nội 2004
Matèries:
Etiquetes: Afegir etiqueta
Sense etiquetes, Sigues el primer a etiquetar aquest registre!
Thư viện lưu trữ: Trung tâm Học liệu Trường Đại học Cần Thơ
LEADER 00533nam a2200193Ia 4500
001 CTU_88998
008 210402s9999 xx 000 0 und d
020 |c 46500 
082 |a 546 
082 |b Nh120/T.1 
100 |a Hoàng, Nhâm 
245 0 |a Hoá học các nguyên tố 
245 0 |c Hoàng Nhâm 
260 |a Hà Nội 
260 |b Đại học Quốc gia Hà Nội 
260 |c 2004 
650 |a Chemistry, inorganic 
904 |i Tuyến 
980 |a Trung tâm Học liệu Trường Đại học Cần Thơ